000 01683nam a22002537a 4500
005 20140311160618.0
010 _aENG-109522
020 _c425.00
_a9789351344827
020 _c425.00
_a9351344827
035 _aEN-93055
037 _bDBAD/PUB
082 _a658.872
100 _aMiles, Jason G.
245 0 0 _aInstagram power :
_cby Jason G. Miles
_bbuild your brand and reach more customers with the power of pictures /
260 _aNew Delhi
_bMcGraw Hill Education (India)
_c2014
270 _aP-24, Green Park Extn.
_bNew Delhi
_e110016
300 _axx,232p.
_c24cm(pbk)
500 _aIncludes index
500 _aI Introduction -- The mobile migration -- The mobile native -- Get clicking on instagram -- Hashtags : organizing a chaotic world -- Marketing on instagram -- An instagram marketing plan -- The social network hiding inside of instagram -- Catalysts for growth -- A copywriter walks into the app store -- Selling on instagram -- Instant buying decisions on instagram -- Instagram for non-profits and service providers -- Branding on instagram -- Selling on instagram -- Display advertising on instagram -- Using the power of free -- Multi-step campaigns -- Integrating instagram into your online marketing -- Instagram with your website -- Instagram as part of your social strategy -- Local marketing with instagram -- Tools for leveraging your instagram experience -- Complementary apps and websites -- Analyzing your instagram work -- Conclusion -- Charlie chaplin versus john gilbert.
650 _a Internet marketing.
650 _a Social media
_xMarketing.
650 _a Branding (Marketing)
942 _2ddc
_cEN
_mMIL
_h658.872
999 _c82856
_d82856